Statistics for Geografi Efter Bokstav - C

Click here to take the quiz!

General Stats

  • This quiz has been taken 28 times
  • The average score is 13 of 22

Answer Stats

LedtrådSvar% Correct
Lång sydamerikansk landChile
96%
Australiens huvudstadCanberra
87%
Indiens mest populära idrottCricket
83%
Stad på Riviera med en känd filmfestivalCannes
78%
Land mellan Panama och NicaraguaCosta Rica
78%
Ö som är delade mellan Grekiska
och Turkiska fraktioner
Cypern
78%
Mest känd brittisk uni efter OxfordCambridge
70%
Huvudstaden i WalesCardiff
65%
Obamas hemstadChicago
65%
Grand Canyon ligger i den här flodenColorado
65%
Semesterort på YucatánhalvönCancun
61%
Historisk region in norra Frankrike
känd för sin gnistrande vin
Champagne
61%
Fransk stad näsmast till StorbritannienCalais
57%
Största stad i AlbertaCalgary
52%
Kolkatas förra namnCalcutta
48%
Stad av en Bergman-Bogart filmCasablanca
43%
Gammaldags namn för Sri LankaCeylon
43%
Franska namn för ElfenbenskustenCôte d'Ivoire
43%
Filippinernas andra största stadCebu
22%
Tidigare namnet av ön SulawesiCelebes
22%
Största amerikansk ursprungsbefolkningCherokeser
22%
Keltisk grevskap i EnglandCornwall
17%

Score Distribution

Percentile by Number Answered

Percent of People with Each Score

Your Score History

You have not taken this quiz